Guía Turística del Sur del Perú / (Record no. 22844)

000 -CABECERA
fixed length control field 00638nam a22001817i 4500
003 - IDENTIFICADOR DEL NÚMERO DE CONTROL
control field AR-CdUCM
008 - DATOS DE LONGITUD FIJA--INFORMACIÓN GENERAL
fixed length control field 240424b pe ||||| |||| 00| 0 spa d
040 ## - FUENTE DE LA CATALOGACIÓN
Agencia/entidad que catalogó originalmente la obra MUNICIPALIDAD PROVINCIAL DEL CUSCO
Entidad que transcribió la catalogación BIBLIOTECA MUNICIPAL DEL CUSCO
082 ## - NÚMERO DE LA CLASIFICACIÓN DECIMAL DEWEY
No. de la edición Segunda edición,
No. de Clasificación 918.561 / V49
Notacion interna V49
100 ## - ENTRADA PRINCIPAL--NOMBRE DE PERSONA
Nombre Personal Vergara Valenza, Zoilo
245 ## - MENCIÓN DE TÍTULO
Título Guía Turística del Sur del Perú /
260 ## - PUBLICACIÓN, DISTRIBUCIÓN, ETC.
Lugar de publicación, distribución, etc. Cusco :
300 ## - DESCRIPCIÓN FÍSICA
Nº de Páginas Extensión 116 páginas. :
Dimensiones 20.8 cm.
500 ## - NOTA GENERAL
Bibliografía Bibliografía: páginas 112-113
505 ## - NOTA DE CONTENIDO CON FORMATO
Nota de contenido formateada Geografía del Perú -- Descripción de mapas -- Lima -- Arequipa -- Puno -- Cusco
942 ## - ELEMENTOS DE PUNTO DE ACCESO ADICIONAL (KOHA)
Fuente de clasificación
Tipo de item Libros-BMC
945 ## - PROCESAMIENTO DE INFORMACIÓN LOCAL (OCLC)
Catalogador pbj
AAAA-MM-DD - Fecha de ingreso o modificacion 2024-04-24
Holdings
Estado de retiro (separado) Fuente de clasificación o esquema de estanterías Estado dañado Ubicación Sala donde se ubica Nombre de la colección Fecha de adquisición o compra Fuente de adquisición Costo, precio normal en soles Signatura topográfica Código de Barras Última vez visto (Koha) Tipo de ítem (Koha)
No     Sala Humanidades Sala Humanidades Book Cart 2024-04-24 Donación 20.00 918.561 / V49 SH0000016671 2024-04-24 Libros-BMC

Powered by Koha